00433nam a2200145Ia 4500008004100000020002100041040002600062082002200088245006700110250001100177260005900188700001900247003000400266005001700270241217s9999||||xx |||||||||||||| ||und|| a9780071159021c0 bengcSSK Libraryerda a616.0754076 PHY.3 0aPretest Physical Diagnosis: Pretest Self-Assessment And Review a3rd ed b Mcgraw-Hill Inc., Health Professions Divisionc©1998 a Tyson K. CobbOSt20241217112750.0